| 000 | 00452nam a2200157 4500 | ||
|---|---|---|---|
| 001 | 45343 | ||
| 090 | _a45343 | ||
| 100 | _a20251230 pory50 | ||
| 101 | _apor | ||
| 102 | _aPT | ||
| 200 |
_aPoesia _fAfonso Lopes Vieira _gorg. e fixação do texto José Manuel Quintas , Manuel Vieira da Cruz _gestudo de José carlos Seabra Pereira |
||
| 210 |
_a[S.l.] _cE-Primaur _d[S.d.] |
||
| 215 | _a715 p. | ||
| 675 | _a821.134.3-1 | ||
| 801 |
_aPT _gRPC |
||
| 990 | _cLIVROS | ||